000 00336nam a2200121Ia 4500
008 220214s9999 xx 000 0 und d
100 _aOriovius K
245 0 _aNutrient requirements of beans and peas. Subject 10-Grassland and fodder crops
260 _bPotash Review
_c1988
300 _avarying
700 _aBeringer H
942 _cRE
999 _c46607
_d46607